=LDR 00000nam 2200000 4500 =001 INLIS000000000019560 =005 20201001081225 =035 ##$$a 0010-061300000019560 =008 201001################g##########0#ind## =041 ##$$a Ind =082 ##$$a 302.2 =090 ##$$a 302.2, Bau e =100 ##$$a Baudrillardo, Jean =245 1#$$a Ekstasi komunikasi /$c Jean Baudrillard ; penerjemah, Jimmy Firdaus =260 ##$$a Yogyakarta :$b Kreasi Wacan,$c 2006 =300 ##$$a xxxiv, 98 hlm, ; $c 19 x 12 cm. =650 #4$$a Komunikasi =850 ##$$a NBPNMAT =084 ##$$a 302.2 BAU e =700 #$$a Firdaus, Jimmy =990 ##$$a 20605899 =990 ##$$a 20605898